LDR 01128naa#a2200193#i#450# 001 RU\\bibl\118731 005 20260417065909.5 011 ## _a1994-4683 100 ## _a20230428b2023####ek#y0rusy0150####ca 102 ## _aRU 200 1# _aОЦЕНКА УРОВНЯ ДВИГАТЕЛЬНОЙ АКТИВНОСТИ СТУДЕНТОВ АСТРАХАНСКОГО ГОСУДАРСТВЕННОГО МЕДИЦИНСКОГО УНИВЕРСИТЕТА _eЖурнальная статья 210 1# _aМосква _cНациональный государственный Университет физической культуры, спорта и здоровья им. П.Ф. Лесгафта _d2023 215 ## _a4 с. 608 ## _aЖурнальная статья _2local 675 ## _aМетодика физического воспитания. Пути и средства физического воспитания. Учебные заведения физической культуры. 796.011.3 _z 700 #1 _aОдинцова _gМ О 700 #1 _aЯнкевич _gИ Е 700 #1 _aЯрошинская _gА П 856 4# _auchzapiski.lesgaft.spb.ru _u